Представление документа в формате RUSMARC

ПолеНазваниеЗначение
  Тип записи a
  Библиографический уровень a
001 Контрольный номер fbb70e21720344159d2bb54ee1c53a98
005 Дата корректировки 20260422165913.7
100 Данные общей обработки __
a Данные общей обработки 20260422 ||| 0rusy0189 ca
101 Язык документа 0_
a Язык текста rus
102 Страна публикации __
a Страна публикации RU
200 Заглавие и сведения об ответственности 1_
a Заглавие Как я проведывал Алису
e Сведения, относящиеся к заглавию рассказ
f Первые сведения об ответственности А. Черкасова
g Последующие сведения об ответственности рис. Д. Лапшиной
461 Уровень набора _0
1 2000
a Мурзилка
463 Уровень физической единицы _0
1 2000
b Текст
a № 3
v С. 2-3 : ил.
1 2101
d 2026
1 001e5a4a370ade8443c91eebb364df784a2
606 Тематические рубрики 0_
a Основная рубрика Русская литература - 21 в.
610 Ключевые слова 0_
a Ключевые слова русская литература, детская литература, рассказы для детей, дети (х. л.), девочки (х. л.), мальчики (х. л.), первая любовь (х. л.)
686 Индексы других классификаций __
a Классификационный индекс Р2
700 Автор _1
a Фамилия Черкасова
b Имя (инициалы) А.
g Полное личное имя Анна
801 Источник записи _0
a Страна RU
b Организация УОБДЮ
c Дата составления 20260422
g Правила каталогизации RCR
801 Источник записи _1
a Страна RU
b Организация УОБДЮ
c Дата составления 20260422
g Правила каталогизации RCR
901 Тип документа __
t Тип документа b
w Контрольный № источника e5a4a370ade8443c91eebb364df784a2
905 Данные по созданию БЗ __
b Логин пользователя, который создал БЗ ibo3